Manual de arranque, carga y transporte en minería a cielo abierto
Shranjeno v:
| Korporativna značnica: | |
|---|---|
| Format: | Knjiga |
| Jezik: | španščina |
| Izdano: |
Madrid
Ministerio de Industria y Energía
1995
|
| Teme: | |
| Oznake: |
Označite
Brez oznak, prvi označite!
|
MARC
| LEADER | 00000cam a2200000 a 4500 | ||
|---|---|---|---|
| 001 | UCG0321 | ||
| 003 | CL-VaPUC | ||
| 008 | 100318e19950000SP |||||||||||||||||spa|d | ||
| 020 | |a 8478400818 | ||
| 082 | 0 | 4 | |a 622.1 |b INS |2 21 |
| 110 | 2 | |a Instituto Tecnológico Geominero de España |e author |9 547706 | |
| 245 | 1 | 0 | |a Manual de arranque, carga y transporte en minería a cielo abierto |
| 300 | |a 604 p | ||
| 942 | |c BK | ||
| 945 | |d 20100318 00:00:00 |a rbrito | ||
| 260 | |a Madrid |b Ministerio de Industria y Energía |c 1995 | ||
| 650 | 0 | |a Industria minera |9 260256 | |
| 650 | 7 | |a EXTRACCION DE MINERALES |2 CL-VaPUC |9 353552 | |
| 650 | 0 | |a Yacimientos |9 400174 | |
| 650 | 7 | |a EXCAVACION |2 CL-VaPUC |9 547707 | |
| 650 | 7 | |a EQUIPOS Y ACCESORIOS |2 CL-VaPUC |9 10 | |
| 583 | |a last modification |c 20161117 05:56:20 |k Rodrigo Vera | ||
| 999 | |c 339995 |d 339993 | ||
| 952 | |0 0 |1 0 |4 0 |6 622_100000000000000_INS_1995 |7 0 |8 A |9 434297 |a BIBING |b BIBING |d 2019-11-22 |i 4651650 |o 622.1 INS 1995 |p 4651650 |r 2025-01-20 |w 2019-11-22 |y BK |k CCL | ||
| 952 | |0 0 |1 0 |3 erb |4 0 |6 622_100000000000000_INS_1995 |7 0 |8 A |9 434298 |a BIBING |b BIBING |i 5347963 |l 1 |o 622.1 INS 1995 |p 5347963 |r 2025-01-20 |s 2020-07-27 |w 2019-11-22 |y BK |z Catalogado en:20161118 |k EIQ | ||